LEADER 01128nam a2200289 a 4500 001 000000129959 003 CaOOAMICUS 005 20120911092846.0 008 120911s2010 it u000 u ita r 020 $a978-88-10-50550-2 040 $aPUL$bita 082 04$a248 100 1 $aFaggioni, Maurizio Pietro.$0(OLS)http://pul/name/54783 245 10$aSessualità matrimonio famiglia /$cMaurizio Pietro Faggioni. 260 $aBologna :$bEDB,$c©2010. 300 $a365 p. ;$c24 cm 504 $aBibliografia in nota. 650 4$aAmore umano$xTeologia.$0(OLS)http://pul/subject/38607 650 4$aSesso$xAspetti morali e religiosi.$0(OLS)http://pul/subject/6711 850 $aPUL 852 $aPUL$W1$xSL Religione 3$y85$m248 FAGMA 1$j150505$qDDC 21$B149039$CPULBib$Z2$F149039 $H115936 $82 941 1 $a9 996 $6020$a978-88-10-50550-2$9(OLS)http://pul/number/150428 996 $6082$a248$9(OLS)http://pul/classification/457 996 $6245$aSessualità matrimonio famiglia$9(OLS)http://pul/title/164278 996 $6260$aBologna :$bEDB$9(OLS)http://pul/publisher/56073 LEADER 00848naa a2200217 u 4500 001 000000093340 003 CaOOAMICUS 005 20070226130133.0 008 010702m19351936fr u000 u fre u 035 $a10895018 040 $aPUL(R)$bita 100 1 $aPusta, Kaarel-Robet,$d1883-$0(OLS)http://pul/name/60077 245 13$aLe statut juridique de la Mer Baltique a partir du XIXe siècle /$cpar C.R. Pusta. 260 $a[S. l. :$bs. n.],$c1935-1936. 300 $aP. [105-190] 504 $aBibliografia in nota. 650 4$aDiritto marittimo$xStoria.$0(OLS)http://pul/subject/30055 773 0 $tRecueil des cours$gv.II (1935) 773 0 $tRecueil des cours 1935$w()59536 996 $6245$aLe statut juridique de la Mer Baltique a partir du XIXe siècle$9(OLS)http://pul/title/120212 996 $6260$a[S. l. :$bs. n.]$9(OLS)http://pul/publisher/47882